000 02142nam a2200601 i 4500
001 40874
003 KOSZ 005
005 20220124124958.0
008 010615s2000 pl a f f |000 0 pol
015 _aUWD 2001/12700
035 _a991016270559705066
035 _a(PL-WaBN)b14373415-48omnis_nlop
035 _ab14373415
035 _a(OCoLC)749604875
035 _acc2001026865
035 _a(PL)b0000001437341
035 _a(EXLNZ-48OMNIS_NETWORK)9910216193005606
040 _aWA N
_cWA N
_dWA N
_dKOSZ 005/HR
046 _k2000
080 _a004.032.26
080 _a004.42/.43
080 _a510.22
080 _a519.61/.64
080 _a681.5
080 _a(075.8)
100 1 _aRojek, Ryszard
_d(1943- )
_eAutor
245 1 0 _aZastosowanie sztucznych sieci neuronowych i logiki rozmytej w automatyce :
_bćwiczenia laboratoryjne z wykorzystaniem programu MATLAB/SIMULINK /
_cRyszard Rojek, Krzysztof Bartecki, Jacek Korniak ; praca pod red. Ryszarda Rojka.
260 _aOpole :
_bOficyna Wydawnicza PO,
_c2000.
300 _a134 s. :
_bil. ;
_c24 cm.
336 _aTekst
_btxt
_2rdacontent
337 _aBez urządzenia pośredniczącego
_bn
_2rdamedia
338 _aWolumin
_bnc
_2rdacarrier
380 _aKsiążki
380 _aPublikacje dydaktyczne
385 _mPoziom nauczania
_aSzkoły wyższe
388 _a2001-
490 1 _aSkrypt / Politechnika Opolska,
_x1427-9932 ;
_vnr 234
504 _aBibliogr.
650 7 _aAutomatyka
_2DBN
650 7 _aMatlab
_2DBN
650 7 _aSieci neuronowe
_2DBN
650 7 _aSimulink (program komputerowy)
_2DBN
650 7 _aZbiór rozmyty
_2DBN
655 7 _aPodręczniki akademickie
_2DBN
658 _aInformatyka i technologie informacyjne
658 _aInżynieria i technika
700 1 _aBartecki, Krzysztof
_eAutor
700 1 _aKorniak, Jacek
_d(1972-2020)
_eAutor
830 0 _aSkrypt - Politechnika Opolska
_vnr 234
856 _uhttp://koha.tu.koszalin.pl/cgi-bin/koha/opac-detail.pl?biblionumber=40874
_yKatalog online BPK
942 _2UKD
_cKS
999 _c40874
_d40874